Zelené rozpočtovanie na miestnej úrovni diplomová práca

Saved in:
Bibliographic Details
Main Author: Jedináková, Ľubomíra
Corporate Author: Národohospodárska fakulta EU. Katedra financií
Other Authors: Kováč Gerulová, Lukrécia, 1978-
Format: Book
Language:Slovak
Published: Bratislava 2024
Tags: Add Tag
No Tags, Be the first to tag this record!

MARC

LEADER 00000nbm a2200000 4500
001 0300739
005 20241029101047.7
041 0 |a slo 
044 |a SK 
245 1 0 |a Zelené rozpočtovanie na miestnej úrovni  |b diplomová práca  |c Ľubomíra Jedináková ; školiteľ: Lukrécia Kováč Gerulová 
264 1 |a Bratislava  |c 2024 
300 |a 76 s. 
100 1 |a Jedináková, Ľubomíra 
700 1 |a Kováč Gerulová, Lukrécia, 1978- 
710 2 |a Národohospodárska fakulta EU. Katedra financií